Дело по указу Правительствующего Сената о воспрещении помещиками наказывать крестьян трёх-ременной плетью. Тут же об этом секрет...

Доступно только в Электронных читальных залах Найти на картеНа карте
RUSMARC
00004503nmc2a22000003x 450
0013cb6f658-8a47-495c-ab4e-a25f9e2af6a4
00520180806101028.0
100##$a20160523l18441845k l0rusy0189 ca
1010#$arus
102##$aRU
2001#$aДело по указу Правительствующего Сената о воспрещении помещиками наказывать крестьян трёх-ременной плетью. Тут же об этом секретный циркуляр губернаторам
$j7 марта 1844 г. - 22 декабря 1845 г.
251##$cДело
300##$aДело
300##$aОриг. заголовок дела: Дело по указу Правительствующего Сената о воспрещении помещиками наказывать крестьян трёх-ременной плетью и об определении орудий, которыми помещики могут наказывать крестьян и о наблюдении со стороны местного начальства за наказанием крепостных людей. 7 марта 1844 г. - 22 декабря 1845 г
801#0$aRU
$bРГИА
$c20160523
$gRCR
801#1$aRU
$bГлавНИВЦ
$c20160523
$2rusmarc
801#2$aRU
$bПБ им. Б.Н. Ельцина
$c20180806
$gRCR
$2rusmarc
850##$aРГИА
852##$aРГИА
$eФедеральное казенное учреждение "Российский государственный исторический архив" (РГИА)
$j721
937##$hРГИА
$d12201549
$aASBIBLIO_SCAN
462#0$1001dc1641a5-18cf-44db-9146-52cce5d74d5e
$12001
$aДела Департамента полиции исполнительной МВД за 1844 г.
$1251
$cОпись
$1852
$j9
$l1844 г.
461#0$10013e300ed0-cd39-49af-8489-5ba5b90fa401
$12001
$aДепартамент полиции исполнительной МВД (1811-1880)
$1251
$cФонд
$1852
$j1286
215##$a71 л.
$d36,5х26 см
371##$aДокумент не является опубликованным и широко распространяемым
5171#$aДело по указу Правительствующего Сената о воспрещении помещиками наказывать крестьян трёх-ременной плетью и об определении орудий, которыми помещики могут наказывать крестьян и о наблюдении со стороны местного начальства за наказанием крепостных людей. 7 марта 1844 г. - 22 декабря 1845 г
105##$ay###
1222#$ad
035##$a3cb6f658-8a47-495c-ab4e-a25f9e2af6a4
856##$uhttp://readingroom.main.prlib.ru/item.aspx?id_node=n117908415&mode=full
Формат отображения